ffusarium management on tomato seedbed in greedhouse condition (វិធានការកម្ចាត់ផ្សិតហ្វុយសារីយ៉ូមលើថ្នាលបណ្តុះកូនប៉េងប៉ោះក្នុងលក្ខខណ្ឌផ្ទះកញ្ចក់) (Record no. 1212)

000 -LEADER
fixed length control field 00661nam a22001337a 4500
040 ## - CATALOGING SOURCE
Transcribing agency RUA
082 ## - DEWEY DECIMAL CLASSIFICATION NUMBER
Classification number AGR ROE 2013 B053 Or.1
100 ## - MAIN ENTRY--AUTHOR NAME
Personal name ROEUN, VANNA.
245 ## - TITLE STATEMENT
Title ffusarium management on tomato seedbed in greedhouse condition (វិធានការកម្ចាត់ផ្សិតហ្វុយសារីយ៉ូមលើថ្នាលបណ្តុះកូនប៉េងប៉ោះក្នុងលក្ខខណ្ឌផ្ទះកញ្ចក់)
260 ## - PUBLICATION, DISTRIBUTION, ETC. (IMPRINT)
Place of publication Phnom Penh
Name of publisher RUA
Year of publication 2013
300 ## - PHYSICAL DESCRIPTION
Number of Pages xiii, 55p.
Other physical details ill.
Dimensions 29cm.
856 ## - ELECTRONIC LOCATION AND ACCESS
Uniform Resource Identifier https://drive.google.com/file/d/1YdC_Iv6Cy5zaaAaL5db8FpZRThRjH-4Z/view?usp=sharing
942 ## - ADDED ENTRY ELEMENTS (KOHA)
Koha item type AGR
952 ## - LOCATION AND ITEM INFORMATION (KOHA)
Withdrawn status [LOCAL, KOHA] 0
952 ## - LOCATION AND ITEM INFORMATION (KOHA)
Withdrawn status [LOCAL, KOHA] 0
952 ## - LOCATION AND ITEM INFORMATION (KOHA)
Withdrawn status [LOCAL, KOHA] 0
952 ## - LOCATION AND ITEM INFORMATION (KOHA)
Withdrawn status [LOCAL, KOHA] 0
952 ## - LOCATION AND ITEM INFORMATION (KOHA)
Withdrawn status [LOCAL, KOHA] 0
952 ## - LOCATION AND ITEM INFORMATION (KOHA)
Withdrawn status [LOCAL, KOHA] 0
952 ## - LOCATION AND ITEM INFORMATION (KOHA)
Withdrawn status [LOCAL, KOHA] 0
952 ## - LOCATION AND ITEM INFORMATION (KOHA)
Withdrawn status [LOCAL, KOHA] 0
952 ## - LOCATION AND ITEM INFORMATION (KOHA)
Withdrawn status [LOCAL, KOHA] 0
952 ## - LOCATION AND ITEM INFORMATION (KOHA)
Withdrawn status [LOCAL, KOHA] 0
952 ## - LOCATION AND ITEM INFORMATION (KOHA)
Withdrawn status [LOCAL, KOHA] 0
Holdings
Permanent Location Date acquired Koha item type Lost status Shelving location Barcode Current Location Full call number
Library Block B2015-09-24AGR B053RUA005667Library Block BAGR ROE 2013 B053 Or.1
Library Block B2015-09-24AGR B053RUA005970Library Block BAGR ROE 2013 B053 Or.2
Library Block B2015-09-24AGR B053RUA006521Library Block BAGR ROE 2013 B053 Or.3
Library Block B2015-09-24AGR B053RUA006522Library Block BAGR ROE 2013 B053 Or.4
Library Block B2015-09-24AGR B053RUA006649Library Block BAGR ROE 2013 B053 Or.5
Library Block B2015-09-24AGR B053RUA006874Library Block BAGR ROE 2013 B053 Or.6
Library Block B2015-09-24AGR B053RUA006028Library Block BAGR ROE 2013 B053 Or.7
Library Block B2015-09-24AGR B053RUA006386Library Block BAGR ROE 2013 B053 Or.8
Library Block B2018-12-25AGR B1.194A40975Library Block BAGR ROE 2013 B1.194 Or.1
Library Block B2019-01-21AGR B1.210A41702Library Block BAGR ROE 2013 B1.210 Or.2
Library Block B2022-10-24AGR B053a41286Library Block BAGR ROE 2013 B053 Or.9
មជ្ឈមណ្ឌលឯការនៃសាកលវិទ្យាល័យភូមិន្ទកសិកម្មចំការដូង

Powered by Koha